000 02189nam0a22003491 4500
001 rc\901053
005 20260407120311.0
021 _aRU
_b84-27774
_bРг7073-84 (РНБ)
035 _a(NLR Aleph) 006076695
090 _a5054364
_c5054364
100 _a20041129d1983 |||y0rusy50 ca
101 0 _arus
102 _aRU
105 _aa j||||||||
200 1 _aУменьшение загрязнения воздушного бассейна при сжигании углеводородного топлива
_eконспект лекций для студентов специальности 0308 "Промышленная теплоэнергетика" (специализация использование газа, мазута и защита воздушного бассейна)
_fМ.Б. Равич, А.М. Галеева
_gМ-во высш. и сред. спец. образования СССР, Моск. ин-т нефтехим. и газовой пром-сти им. И.М. Губкина, каф. использования природ. газа и мазута
210 _aМосква
_cМИНХ и ГП
_d1983
215 _a59 с.
_cил.
_d20
300 _aНа обороте тит. л. авторы: доцент А.М. Галеева и профессор М.Б. Равич
606 1 _aУглеводородное топливо
_xСжигание
_92496015
_3RU\NLR\AUTH\661480681
606 1 _aВоздух
_xЗагрязнение при сжигании топлива
_91285604
_3RU\NLR\AUTH\66213080
686 0 _aО35-082н631
_2rubbk
686 0 _aз370.2-526н6
_2rubbk
700 1 _4070
_7ca
_8rus
_aРавич
_bМ. Б.
_f1906-1993
_gМарк Борисович
_9271548
_3RU\NLR\AUTH\770271604
701 1 _aГалеева
_bА. М.
_gАриадна Михайловна
712 0 2 _4650
_aМосковский институт нефтехимической и газовой промышленности им. И. М. Губкина
_3RU\NLR\AUTH\889951490
_9398936
801 0 _aRU
_bNLR
_gpsbo
801 1 _aRU
_bELAR
_2rusmarc
801 2 _aRU
_bNLR
_c20190408
_2rusmarc
852 _aNLR
_j84-4/14944
942 _cBOOK
980 _aNB